| 000 | 00750cab a2200265 4500 | ||
|---|---|---|---|
| 001 | WB3132-67 | ||
| 008 | 090401t1995 xxu||||| |||| 00| 0 eng d | ||
| 035 | _a(Sirsi) u57481 | ||
| 041 | _aeng | ||
| 245 | _aFarm waste pollution | ||
| 260 | _c1995 | ||
| 350 | _a0 | ||
| 490 |
_aMAFF News Release _v(312/95) 23 August 1995 (3) |
||
| 520 | _aSeven further river catchment areas are to be targeted in the campaign to promote farm waste management plans. | ||
| 650 | _aFARM WASTE | ||
| 650 | _aFARMS | ||
| 650 | _aMANURE | ||
| 650 | _aWASTE MANAGEMENT PLANS | ||
| 650 | _aWASTE MANAGEMENT | ||
| 650 | _aWATER POLLUTION | ||
| 690 | _aENVIRONMENTAL AND LAND CONSULTANCY | ||
| 690 | _aRURAL PRACTICE | ||
| 942 | _n0 | ||
| 948 | _c04/03/1997 | ||
| 999 |
_c35059 _d35059 |
||